[Event "EIWCC 2018"]
[Site "Vysoke Tatry"]
[Date "2018.04.08"]
[Round "1"]
[White "Arakhamia-Grant, Ketevan"]
[Black "Hapala, Elisabeth"]
[Result "1-0"]
[WhiteElo "2347"]
[BlackElo "2091"]
[PlyCount "105"]
[EventDate "2018.??.??"]
[EventType "swiss"]
[EventCountry "SVK"]
[SourceTitle "playchess.com"]
[Source "ChessBase"]
[SourceQuality "1"]

1. e4 c5 2. Nf3 e6 3. b3 Nc6 4. Bb2 d5 5. Bb5 Nf6 6. e5 Nd7 7. Bxc6 bxc6 8. d3
Be7 9. O-O O-O 10. Re1 Qc7 11. Nc3 f6 12. exf6 Bxf6 13. h3 e5 14. Na4 Ba6 15.
c4 Rae8 16. Qc2 d4 17. Nd2 e4 18. Nxe4 Bh4 19. Re2 Bc8 20. Rf1 Ne5 21. f4 Ng6
22. Bc1 Nxf4 23. Bxf4 Rxf4 24. Rxf4 Qxf4 25. Nf6+ gxf6 26. Rxe8+ Kf7 27. Re4
Qg3 28. Qe2 Kg6 29. Nxc5 Bf5 30. Rg4+ Bxg4 31. Qxg4+ Qxg4 32. hxg4 Bg3 33. Ne6
Bd6 34. Kf2 c5 35. Kf3 f5 36. gxf5+ Kxf5 37. Nd8 h5 38. a3 a6 39. Nc6 Bc7 40.
b4 Bb6 41. b5 a5 42. Ne7+ Ke5 43. Nd5 Ba7 44. a4 Kf5 45. Ne7+ Ke6 46. Nd5 Kf5
47. b6 Bb8 48. Ne7+ Ke6 49. Nc6 Bd6 50. b7 Kd7 51. b8=Q Bxb8 52. Nxb8+ Kc7 53.
Ke4 1-0

[Event "EIWCC 2018"]
[Site "Vysoke Tatry"]
[Date "2018.04.08"]
[Round "1"]
[White "Melia, Salome"]
[Black "Antolak, Julia"]
[Result "1-0"]
[WhiteElo "2411"]
[BlackElo "2212"]
[PlyCount "87"]
[EventDate "2018.??.??"]
[EventType "swiss"]
[EventCountry "SVK"]
[SourceTitle "playchess.com"]
[Source "ChessBase"]
[SourceQuality "1"]

1. e4 c5 2. Nf3 d6 3. Bb5+ Nd7 4. c3 Ngf6 5. Qe2 a6 6. Ba4 b5 7. Bc2 Bb7 8. d3
g6 9. O-O Bg7 10. Nbd2 O-O 11. Re1 Rc8 12. Nf1 Nb6 13. Ng3 Nfd7 14. h4 b4 15.
Bd2 c4 16. d4 e5 17. h5 bxc3 18. bxc3 d5 19. Rab1 exd4 20. Nxd4 Re8 21. hxg6
hxg6 22. Qg4 Ne5 23. Qh3 Nd3 24. Bxd3 cxd3 25. Bh6 Bh8 26. Be3 Rb8 27. Ndf5 Bc8
28. Nh6+ Kf8 29. Bc5+ Kg7 30. Bd4+ Kf8 31. Bc5+ Kg7 32. Qh2 d2 33. Red1 dxe4
34. Nh5+ gxh5 35. Qxb8 Nc4 36. Qf4 Qd5 37. Bd4+ Kh7 38. Bxh8 Kxh8 39. Qf6+ Kh7
40. Nxf7 Qf5 41. Qh6+ Kg8 42. Nd6 Nxd6 43. Qxd6 Be6 44. Qxd2 1-0

[Event "EIWCC 2018"]
[Site "Vysoke Tatry"]
[Date "2018.04.08"]
[Round "1"]
[White "Sebag, Marie"]
[Black "Fuchs, Judith"]
[Result "1-0"]
[WhiteElo "2492"]
[BlackElo "2286"]
[PlyCount "95"]
[EventDate "2018.??.??"]
[EventType "swiss"]
[EventCountry "SVK"]
[SourceTitle "playchess.com"]
[Source "ChessBase"]
[SourceQuality "1"]

1. e4 c5 2. Nf3 d6 3. Bb5+ Nd7 4. O-O Ngf6 5. Re1 a6 6. Bd3 Ne5 7. Nxe5 dxe5 8.
a4 h5 9. Qe2 Bg4 10. Qe3 Rc8 11. Na3 g6 12. Bf1 Qc7 13. Qc3 Bg7 14. a5 O-O 15.
Nc4 Ne8 16. Nb6 Rd8 17. d3 Rd6 18. Nd5 Rxd5 19. exd5 Nd6 20. Be3 Rc8 21. Qd2
Kh7 22. c4 Nf5 23. h3 Nxe3 24. Rxe3 Bf5 25. Qe1 e6 26. dxe6 Bxe6 27. g3 Rd8 28.
Bg2 Rd4 29. h4 Qd7 30. Ra3 Qc7 31. Rb3 Bc8 32. Rb6 Rd6 33. Rxd6 Qxd6 34. Bd5
Qd7 35. Rxe5 Bxe5 36. Qxe5 Qg4 37. Qf6 Be6 38. Bxe6 fxe6 39. Qf7+ Kh8 40. Qf6+
Kh7 41. Qf7+ Kh8 42. Kg2 Qf5 43. Qxf5 gxf5 44. Kf3 Kg7 45. Ke3 Kf6 46. f4 Ke7
47. d4 Kd6 48. Kd3 1-0

[Event "EIWCC 2018"]
[Site "Vysoke Tatry"]
[Date "2018.04.08"]
[Round "1"]
[White "Milcova, Zuzana"]
[Black "Tomilova, Elena"]
[Result "1/2-1/2"]
[WhiteElo "2033"]
[BlackElo "2326"]
[PlyCount "149"]
[EventDate "2018.??.??"]
[EventType "swiss"]
[EventCountry "SVK"]
[SourceTitle "playchess.com"]
[Source "ChessBase"]
[SourceQuality "1"]

1. d4 d5 2. Nf3 Nf6 3. Bf4 c5 4. c3 Nc6 5. e3 Qb6 6. Qb3 c4 7. Qxb6 axb6 8.
Nbd2 b5 9. Be2 e6 10. O-O b4 11. cxb4 Bxb4 12. a3 Be7 13. Ne5 Nxe5 14. Bxe5 b5
15. Bf3 Bb7 16. Rac1 O-O 17. Rfe1 Nd7 18. Bg3 f5 19. Nb1 Bc6 20. Be2 Nb6 21. f3
Bd7 22. Nc3 b4 23. axb4 Bxb4 24. Bd1 Bxc3 25. bxc3 Ra2 26. Bd6 Rfa8 27. Bc5 Na4
28. Bxa4 R8xa4 29. Kf1 g5 30. Re2 Rxe2 31. Kxe2 Ra2+ 32. Kf1 Ba4 33. Re1 Bc2
34. h3 Bd3+ 35. Kg1 Kf7 36. Kh2 h5 37. Bd6 h4 38. Bc7 Kg6 39. Bd6 Rc2 40. Bb4
Kh5 41. Ra1 Re2 42. Ra8 Rxe3 43. Bd6 Bc2 44. Be5 Rxc3 45. Re8 g4 46. hxg4+ fxg4
47. Rh8+ Kg5 48. fxg4 Bg6 49. Rg8 Rd3 50. Bd6 c3 51. Be7+ Kf4 52. Rxg6 c2 53.
Bg5+ Kxg4 54. Bh6+ Kf5 55. Rg5+ Kf6 56. Rg4 Rd1 57. Rxh4 c1=Q 58. Bxc1 Rxc1 59.
Rf4+ Kg5 60. g3 Rc2+ 61. Kg1 Re2 62. Kf1 Rc2 63. Kg1 Kg6 64. Kf1 Rh2 65. Kg1
Rh5 66. Kg2 Rh7 67. Kf3 Re7 68. Rg4+ Kf7 69. Kf4 Kf6 70. Rh4 Rf7 71. g4 e5+ 72.
dxe5+ Ke6+ 73. Ke3 Kxe5 74. Rh5+ Ke6 75. Rh6+ 1/2-1/2

[Event "EIWCC 2018"]
[Site "Vysoke Tatry"]
[Date "2018.04.08"]
[Round "1"]
[White "Novosadova, Kristyna"]
[Black "Zawadzka, Jolanta"]
[Result "1/2-1/2"]
[WhiteElo "2240"]
[BlackElo "2442"]
[PlyCount "193"]
[EventDate "2018.??.??"]
[EventType "swiss"]
[EventCountry "SVK"]
[SourceTitle "playchess.com"]
[Source "ChessBase"]
[SourceQuality "1"]

1. e4 e5 2. Nf3 Nc6 3. Bb5 Bc5 4. O-O Nd4 5. Nxd4 Bxd4 6. c3 Bb6 7. Bc4 d6 8.
d4 c6 9. dxe5 dxe5 10. Qe2 Qh4 11. Be3 Nf6 12. g3 Qh3 13. Bxb6 axb6 14. Na3 O-O
15. Rfd1 b5 16. Bb3 Be6 17. c4 bxc4 18. Nxc4 Bxc4 19. Bxc4 Rfd8 20. f3 g6 21.
Qe3 Kg7 22. Qc3 Rxd1+ 23. Rxd1 Re8 24. Qb4 Qc8 25. Qd6 h5 26. b4 Qb8 27. Qxb8
Rxb8 28. Kf2 Ra8 29. Bb3 Kf8 30. Ke3 Ke7 31. h3 Ne8 32. b5 Nd6 33. bxc6 bxc6
34. Rc1 Ra6 35. Rc5 f6 36. f4 Nb7 37. Rc4 Kd6 38. Rb4 Nc5 39. Rb8 Ra3 40. fxe5+
fxe5 41. h4 Kc7 42. Rb4 Nxb3 43. axb3 Ra1 44. Rc4 Rb1 45. b4 Rb3+ 46. Kf2 Kd6
47. Kg2 Re3 48. Kf2 Rd3 49. Kg2 Rd4 50. Rxd4+ exd4 51. Kf2 Ke5 52. Kf3 d3 53.
Ke3 d2 54. Kxd2 Kxe4 55. Kc3 Kf3 56. Kc4 Kxg3 57. Kc5 Kxh4 58. Kxc6 g5 59. b5
g4 60. b6 g3 61. b7 g2 62. b8=Q g1=Q 63. Qf4+ Qg4 64. Qh2+ Kg5 65. Qe5+ Qf5 66.
Qg3+ Kh6 67. Qh4 Qg6+ 68. Kc7 Qg5 69. Qh3 Qe7+ 70. Kc6 h4 71. Kd5 Qe1 72. Kd4
Qb4+ 73. Ke5 Qb8+ 74. Ke4 Qb7+ 75. Kf4 Qf7+ 76. Kg4 Qh5+ 77. Kf4 Qg5+ 78. Ke4
Qf6 79. Qe3+ Kg6 80. Qg1+ Kh6 81. Qg4 Qc6+ 82. Kf4 Qd6+ 83. Kf3 Qd1+ 84. Kf4
Qf1+ 85. Qf3 Qc4+ 86. Kf5 Qc5+ 87. Kg4 Qh5+ 88. Kf4 Qg5+ 89. Ke4 Kg6 90. Qf4
Qg2+ 91. Ke3 h3 92. Qd6+ Kh5 93. Qe5+ Qg5+ 94. Qxg5+ Kxg5 95. Kf2 Kf4 96. Kg1
Kg3 97. Kh1 1/2-1/2

[Event "EIWCC 2018"]
[Site "Vysoke Tatry"]
[Date "2018.04.08"]
[Round "1"]
[White "Yildiz Kadioglu, Betul Cemre"]
[Black "Khotenashvili, Bela"]
[Result "1/2-1/2"]
[WhiteElo "2286"]
[BlackElo "2484"]
[PlyCount "151"]
[EventDate "2018.??.??"]
[EventType "swiss"]
[EventCountry "SVK"]
[SourceTitle "playchess.com"]
[Source "ChessBase"]
[SourceQuality "1"]

1. Nf3 Nf6 2. d4 g6 3. c4 Bg7 4. g3 c5 5. Bg2 Qa5+ 6. Nc3 Ne4 7. Qd3 cxd4 8.
Nxd4 Nc5 9. Qd1 Nc6 10. e3 Ne6 11. O-O O-O 12. Nxe6 dxe6 13. Bd2 e5 14. Qe2 h5
15. Rfd1 Bg4 16. Bf3 Bxf3 17. Qxf3 Qa6 18. Qe2 Rac8 19. Ne4 Nd8 20. Bb4 f5 21.
Nc3 Re8 22. c5 Qxe2 23. Nxe2 e4 24. Ba3 Rc7 25. Nf4 Kf7 26. Nd5 Rd7 27. Nf4 Rc7
28. Nd5 Rd7 29. Nf4 Rxd1+ 30. Rxd1 Nc6 31. Rd7 Rb8 32. b3 Be5 33. Kf1 Bxf4 34.
gxf4 Ke6 35. Rc7 Kf7 36. b4 a6 37. Rd7 Ke6 38. Rd1 Rd8 39. Rb1 Rd3 40. Bc1 Rd1+
41. Ke2 Rh1 42. a4 Kd5 43. b5 axb5 44. axb5 Na5 45. h4 Nc4 46. Ra1 Rxh4 47. Ra7
Rh1 48. Bd2 Rb1 49. Rxb7 Rb2 50. c6 Rxd2+ 51. Ke1 Rb2 52. c7 Rb1+ 53. Ke2 Nd6
54. Rb8 h4 55. Rd8 h3 56. c8=Q Rb2+ 57. Ke1 h2 58. Qc6+ Ke6 59. Rh8 Rb1+ 60.
Kd2 h1=Q 61. Rxh1 Rxh1 62. b6 Kf7 63. Qd5+ Kf6 64. Kc2 Rh2 65. b7 Rxf2+ 66. Kc3
Nxb7 67. Qxb7 Rg2 68. Qb6+ Kf7 69. Qb4 Rg1 70. Qb3+ Kf6 71. Qb6+ Kf7 72. Qb3+
Kf6 73. Qb2 Kf7 74. Qa2+ Kf6 75. Qb2 Kf7 76. Qb3+ 1/2-1/2

[Event "EIWCC 2018"]
[Site "Vysoke Tatry"]
[Date "2018.04.08"]
[Round "1"]
[White "Savina, Anastasia"]
[Black "Froewis, Annika"]
[Result "1/2-1/2"]
[WhiteElo "2358"]
[BlackElo "2113"]
[PlyCount "155"]
[EventDate "2018.??.??"]
[EventType "swiss"]
[EventCountry "SVK"]
[SourceTitle "playchess.com"]
[Source "ChessBase"]
[SourceQuality "1"]

1. d4 d5 2. c4 e6 3. Nc3 c6 4. e3 Nf6 5. Nf3 Nbd7 6. Qc2 Bd6 7. Bd3 O-O 8. O-O
dxc4 9. Bxc4 b5 10. Bd3 Bb7 11. Rd1 Qc7 12. Bd2 a6 13. b4 Rac8 14. h3 h6 15.
Rac1 Qb8 16. Ne4 Nxe4 17. Bxe4 f5 18. Bd3 Kh8 19. Re1 Nf6 20. Nh4 Rf7 21. Qb3
Nd5 22. f4 Re8 23. Ng6+ Kh7 24. Ne5 Rc7 25. e4 Bxe5 26. fxe5 fxe4 27. Bxe4+ Kh8
28. Qg3 Ne7 29. Qg4 Qd8 30. Be3 Qd7 31. Rf1 Nf5 32. Rxf5 exf5 33. Bxf5 Qf7 34.
Bg6 Qe6 35. Bxe8 Qxe8 36. Rf1 Bc8 37. Qh4 Be6 38. a3 Rf7 39. Rxf7 Qxf7 40. Bg5
Qg6 41. Be7 Bd5 42. Qf2 Qf7 43. Qxf7 Bxf7 44. Kf2 Bd5 45. g4 Kg8 46. h4 Kf7 47.
Bc5 g6 48. Kg3 g5 49. Bd6 Bb3 50. Bc7 Ke7 51. Bb6 Bd5 52. Kh3 Ke8 53. Kg3 Ke7
54. hxg5 hxg5 55. Kf2 Be6 56. Kf3 Bd5+ 57. Ke3 Kf7 58. Bd8 Kg6 59. Be7 Be6 60.
d5 Bxd5 61. Kd4 Bf3 62. e6 Bxg4 63. Ke5 Bf3 64. Kd6 Bd5 65. Bd8 Kf5 66. e7 Bf7
67. Kd7 g4 68. Bb6 g3 69. e8=Q Bxe8+ 70. Kxe8 Ke6 71. Kd8 Kd5 72. Kc7 g2 73.
Bc5 a5 74. Kb6 axb4 75. axb4 Kc4 76. Ka5 Kc3 77. Bf2 Kc4 78. Bg1 1/2-1/2

[Event "EIWCC 2018"]
[Site "Vysoke Tatry"]
[Date "2018.04.08"]
[Round "1"]
[White "Ushenina, Anna"]
[Black "Semenova, Elena"]
[Result "1/2-1/2"]
[WhiteElo "2422"]
[BlackElo "2221"]
[PlyCount "140"]
[EventDate "2018.??.??"]
[EventType "swiss"]
[EventCountry "SVK"]
[SourceTitle "playchess.com"]
[Source "ChessBase"]
[SourceQuality "1"]

1. d4 Nf6 2. c4 e6 3. Nc3 Bb4 4. Qc2 c6 5. a3 Ba5 6. Bg5 h6 7. Bh4 d5 8. e3 g5
9. Bg3 Ne4 10. Bd3 Nxg3 11. hxg3 Nd7 12. cxd5 exd5 13. Nf3 Kf8 14. Bf5 Kg7 15.
b4 Bc7 16. b5 cxb5 17. Nxd5 Ba5+ 18. Nb4 Nb6 19. O-O Nc4 20. Bxc8 Rxc8 21. Qf5
Bxb4 22. axb4 a6 23. d5 Nd6 24. Qd3 Qe7 25. Nd2 Qe5 26. Rac1 Qb2 27. Rb1 Qc3
28. Qe2 Qe5 29. e4 Rhe8 30. Rfe1 Rc2 31. Qd1 Qc3 32. Re2 Nc4 33. Nxc4 Rxe2 34.
Qxe2 bxc4 35. f3 b5 36. Kh2 Qe5 37. Qa2 h5 38. Qa1 Qxa1 39. Rxa1 Kf6 40. Rxa6+
Ke5 41. Rc6 Kd4 42. d6 c3 43. d7 Rd8 44. Rc7 f6 45. Kh3 Kd3 46. f4 Kxe4 47.
Rxc3 Rxd7 48. Rc6 Rd1 49. Kh2 gxf4 50. Rxf6 fxg3+ 51. Kxg3 Rd3+ 52. Kh4 Ke5 53.
Rb6 Rd4+ 54. Kxh5 Rxb4 55. g4 Rb1 56. g5 b4 57. g6 Kd4 58. g7 Rh1+ 59. Kg6 Rg1+
60. Kf7 Rxg7+ 61. Kxg7 Kc3 62. Rc6+ Kd3 63. Rb6 Kc3 64. Kf6 b3 65. Ke5 b2 66.
Ke4 Kc2 67. Rc6+ Kd2 68. Rb6 Kc2 69. Ke3 b1=Q 70. Rxb1 Kxb1 1/2-1/2

[Event "EIWCC 2018"]
[Site "Vysoke Tatry"]
[Date "2018.04.08"]
[Round "1"]
[White "Okuyaz, Duru"]
[Black "Mammadova, Gulnar"]
[Result "0-1"]
[WhiteElo "2122"]
[BlackElo "2360"]
[PlyCount "76"]
[EventDate "2018.??.??"]
[EventType "swiss"]
[EventCountry "SVK"]
[SourceTitle "playchess.com"]
[Source "ChessBase"]
[SourceQuality "1"]

1. e4 e6 2. d4 d5 3. Nc3 Bb4 4. e5 c5 5. a3 Bxc3+ 6. bxc3 Qa5 7. Bd2 Qa4 8. Qg4
Kf8 9. Qd1 b6 10. h4 Ba6 11. Rh3 Ne7 12. Bxa6 Nxa6 13. Bg5 Rc8 14. Rc1 h6 15.
Bf4 Nc7 16. Ne2 Nb5 17. Kf1 cxd4 18. cxd4 Nf5 19. Bd2 a5 20. Rb3 Nfxd4 21. Nxd4
Nxd4 22. Bb4+ axb4 23. Qxd4 Qb5+ 24. Kg1 Rc4 25. Qd3 Ke7 26. Rxb4 Rxb4 27. axb4
Qxb4 28. Ra1 Rd8 29. c3 Qc4 30. Qg3 Kf8 31. Ra7 Qe4 32. Rb7 d4 33. Rxb6 d3 34.
Rb4 Qe1+ 35. Kh2 d2 36. Qf4 d1=Q 37. Rb7 Qh1+ 38. Kg3 Rd3+ 0-1

[Event "EIWCC 2018"]
[Site "Vysoke Tatry"]
[Date "2018.04.08"]
[Round "1"]
[White "Osmanodja, Filiz"]
[Black "Muzychuk, Mariya"]
[Result "0-1"]
[WhiteElo "2300"]
[BlackElo "2540"]
[PlyCount "122"]
[EventDate "2018.??.??"]
[EventType "swiss"]
[EventCountry "SVK"]
[SourceTitle "playchess.com"]
[Source "ChessBase"]
[SourceQuality "1"]

1. e4 c5 2. Nc3 e6 3. Nf3 a6 4. d4 cxd4 5. Nxd4 Qc7 6. Bd3 Nf6 7. O-O Nc6 8.
Nxc6 bxc6 9. Bg5 Be7 10. Qe2 h6 11. Bh4 d5 12. e5 Ng8 13. Bg3 Bc5 14. Na4 Ba7
15. Qg4 Kf8 16. c4 Ne7 17. c5 Nf5 18. Bxf5 exf5 19. Qd4 Be6 20. f4 Kg8 21. Be1
Rb8 22. b4 Kh7 23. a3 Qb7 24. Bc3 Rbg8 25. Nb2 Bb8 26. a4 g5 27. Nd3 Rg6 28.
Kh1 Rhg8 29. g3 Bc7 30. Rfb1 Bd8 31. Bd2 g4 32. Be3 h5 33. Kg2 h4 34. Bf2 Rh6
35. Rh1 Kg6 36. gxh4 Bxh4 37. h3 Rgh8 38. hxg4 fxg4 39. f5+ Bxf5 40. Nf4+ Kg7
41. Bxh4 Rxh4 42. e6+ f6 43. Rxh4 Rxh4 44. b5 Rh8 45. Kg3 Qb8 46. Rf1 Qe5 47.
Qxe5 fxe5 48. Ng2 Bxe6 49. b6 Rh3+ 50. Kf2 Rb3 51. Ne3 g3+ 52. Ke2 d4 53. Nf5+
Bxf5 54. Rxf5 e4 55. Rf4 Rb2+ 56. Kf1 g2+ 57. Kg1 d3 58. Rxe4 d2 59. Rg4+ Kf6
60. Rd4 Rb1+ 61. Kxg2 d1=Q 0-1

[Event "EIWCC 2018"]
[Site "Vysoke Tatry"]
[Date "2018.04.09"]
[Round "2"]
[White "Mrvova, Alena"]
[Black "Chan, Naruna"]
[Result "1-0"]
[WhiteElo "2179"]
[BlackElo "1909"]
[PlyCount "131"]
[EventDate "2018.??.??"]
[EventType "swiss"]
[EventCountry "SVK"]
[SourceTitle "playchess.com"]
[Source "ChessBase"]
[SourceQuality "1"]

1. e4 c5 2. Nc3 Nc6 3. Nge2 d6 4. d4 cxd4 5. Nxd4 e5 6. Ndb5 a6 7. Na3 Be7 8.
Nc4 b5 9. Ne3 Nf6 10. Ned5 Nxd5 11. Nxd5 O-O 12. Ne3 Be6 13. c3 Kh8 14. Be2 Rb8
15. O-O Bg5 16. a4 Qb6 17. axb5 axb5 18. Nd5 Bxd5 19. Bxg5 Bxe4 20. Be3 Qc7 21.
f3 Bf5 22. f4 Be4 23. fxe5 dxe5 24. Qe1 f5 25. Bc5 Rf6 26. b4 h6 27. Rf2 Kh7
28. Bh5 Nd8 29. Ra7 Rb7 30. Rfa2 Nc6 31. R7a6 Qc8 32. Qf1 Re6 33. Ra8 Qd7 34.
Rf8 g6 35. Be2 Re8 36. Rxe8 Qxe8 37. Bxb5 Qb8 38. Bc4 Ne7 39. Qa1 Nd5 40. Ra8
Qc7 41. Ba6 Nf4 42. Bxb7 Bxb7 43. Re8 Qc6 44. Re7+ Kh8 45. Qa2 Nh3+ 46. Kh1 Nf4
47. Rf7 Qxg2+ 48. Qxg2 Bxg2+ 49. Kg1 Bc6 50. Rc7 Nh3+ 51. Kf1 Bb5+ 52. Ke1 Kg8
53. Rb7 Bd3 54. b5 f4 55. b6 Ng5 56. Rb8+ Kg7 57. b7 Be4 58. Rg8+ Kxg8 59.
b8=Q+ Kf7 60. c4 Ke6 61. Qf8 Nf3+ 62. Kf2 Nxh2 63. Qe8+ Kf5 64. Qd7+ Kf6 65.
Be7+ Kf7 66. Bg5+ 1-0

[Event "EIWCC 2018"]
[Site "Vysoke Tatry"]
[Date "2018.04.09"]
[Round "2"]
[White "Maltsevskaya, Aleksandra"]
[Black "Cramling, Pia"]
[Result "1-0"]
[WhiteElo "2237"]
[BlackElo "2472"]
[PlyCount "69"]
[EventDate "2018.??.??"]
[EventType "swiss"]
[EventCountry "SVK"]
[SourceTitle "playchess.com"]
[Source "ChessBase"]
[SourceQuality "1"]

1. e4 c5 2. Nf3 Nc6 3. d4 cxd4 4. Nxd4 Nf6 5. Nc3 d6 6. Bg5 Bd7 7. Qd2 Rc8 8.
f3 a6 9. Nxc6 Bxc6 10. O-O-O e6 11. Kb1 Be7 12. Bd3 O-O 13. h4 Qc7 14. g4 Rfd8
15. Qe1 b5 16. Ne2 b4 17. Bxf6 Bxf6 18. g5 Be7 19. Nd4 a5 20. Nxc6 Qxc6 21. f4
a4 22. h5 a3 23. g6 axb2 24. gxf7+ Kh8 25. e5 Ra8 26. h6 g6 27. exd6 Bf6 28.
Qxe6 Rxd6 29. Qe4 Qa4 30. a3 Rdd8 31. Rhe1 Qd7 32. Qxa8 Rxa8 33. Bc4 Qc6 34.
Bd5 bxa3 35. f8=Q+ 1-0

[Event "EIWCC 2018"]
[Site "Vysoke Tatry"]
[Date "2018.04.09"]
[Round "2"]
[White "Ovod, Evgenija"]
[Black "Trippold, Denise"]
[Result "1-0"]
[WhiteElo "2366"]
[BlackElo "2067"]
[PlyCount "113"]
[EventDate "2018.??.??"]
[EventType "swiss"]
[EventCountry "SVK"]
[SourceTitle "playchess.com"]
[Source "ChessBase"]
[SourceQuality "1"]

1. d4 Nf6 2. Nf3 e6 3. e3 b6 4. Bd3 Bb7 5. O-O Be7 6. c4 O-O 7. Nc3 d5 8. cxd5
exd5 9. Ne5 Nbd7 10. f4 c5 11. Qf3 a6 12. a4 Nb8 13. Rd1 Qc7 14. Bd2 Nc6 15.
Rac1 Nb4 16. Bb1 Rac8 17. Be1 Ne8 18. Qh3 Nf6 19. Nd7 Rfd8 20. Nxf6+ Bxf6 21.
Bxh7+ Kf8 22. Bf5 Rb8 23. Nb5 axb5 24. Bxb4 g6 25. dxc5 Qe7 26. Bg4 Kg7 27. c6
Qxb4 28. c7 bxa4 29. cxb8=Q Rxb8 30. Rc7 Bd8 31. Rc2 Qe4 32. Rcd2 Be7 33. Qf3
Qb4 34. f5 Bg5 35. fxg6 fxg6 36. Be6 Qe7 37. Qg3 Re8 38. Rd3 Bh4 39. Qg4 Qf6
40. Rf1 Qxe6 41. Qxh4 Ba6 42. Rc3 Bc4 43. Rf3 Rf8 44. Qd4+ Kg8 45. Rxf8+ Kxf8
46. e4 b5 47. Rf3+ Kg8 48. e5 Qe7 49. Rf6 Qb4 50. Kf2 a3 51. bxa3 Qxa3 52.
Rxg6+ Kh7 53. Rf6 Qa2+ 54. Kg3 Qb3+ 55. Rf3 Qb1 56. Qh4+ Kg8 57. Qg5+ 1-0

[Event "EIWCC 2018"]
[Site "Vysoke Tatry"]
[Date "2018.04.09"]
[Round "2"]
[White "Atalik, Ekaterina"]
[Black "Stetsko, Lanita"]
[Result "1-0"]
[WhiteElo "2452"]
[BlackElo "2164"]
[PlyCount "159"]
[EventDate "2018.??.??"]
[EventType "swiss"]
[EventCountry "SVK"]
[SourceTitle "playchess.com"]
[Source "ChessBase"]
[SourceQuality "1"]

1. d4 Nf6 2. c4 e6 3. g3 d5 4. Bg2 Be7 5. Nf3 O-O 6. O-O dxc4 7. Qc2 a6 8. a4
Bd7 9. Qxc4 Bc6 10. Nc3 b5 11. Qd3 b4 12. Nb1 Be4 13. Qd1 c5 14. Nbd2 Bd5 15.
dxc5 Nbd7 16. Nb3 Nxc5 17. Nxc5 Bxc5 18. Ne5 Qc7 19. Nd3 Bxg2 20. Kxg2 Bd4 21.
a5 Rfd8 22. Qb3 Qb7+ 23. f3 Nd5 24. e4 Ne3+ 25. Bxe3 Bxe3 26. Rfd1 Rab8 27.
Qxb4 Qa7 28. Qe1 Rdc8 29. Qe2 Rb5 30. b4 h6 31. Re1 Bg5 32. f4 Be7 33. Rac1
Rxc1 34. Rxc1 Bxb4 35. Rc8+ Bf8 36. Ne5 Qb7 37. Qc4 Rxa5 38. Kh3 Rb5 39. Rd8
Qe7 40. Qc8 Rxe5 41. fxe5 a5 42. Qb8 g6 43. Re8 Qc5 44. Rc8 Qe7 45. Qd6 Kg7 46.
Qxe7 Bxe7 47. Ra8 Bb4 48. Kg4 Bc3 49. Kf4 Bd2+ 50. Kf3 Bc3 51. Ke3 h5 52. Kd3
Bxe5 53. Rxa5 Kf6 54. Ra2 Kg5 55. Ke3 Kg4 56. Ra7 f6 57. Rh7 f5 58. Re7 f4+ 59.
gxf4 Bxf4+ 60. Kf2 e5 61. Kg2 h4 62. h3+ Kg5 63. Kf3 Bg3 64. Rf7 Bh2 65. Ke2
Bg3 66. Kd3 Kh6 67. Kc4 g5 68. Rf6+ Kh5 69. Rf5 Kg6 70. Kd5 g4 71. hxg4 h3 72.
Rh5 h2 73. Kc4 Kf6 74. Kd3 h1=Q 75. Rxh1 Kg5 76. Rh5+ Kxg4 77. Rf5 Bf4 78. Kc4
Kf3 79. Kd5 Ke3 80. Rxe5 1-0

[Event "EIWCC 2018"]
[Site "Vysoke Tatry"]
[Date "2018.04.09"]
[Round "2"]
[White "Paehtz, Elisabeth"]
[Black "Martynkova, Olena"]
[Result "1-0"]
[WhiteElo "2468"]
[BlackElo "2280"]
[PlyCount "173"]
[EventDate "2018.??.??"]
[EventType "swiss"]
[EventCountry "SVK"]
[SourceTitle "playchess.com"]
[Source "ChessBase"]
[SourceQuality "1"]

1. d4 d5 2. Nf3 Nf6 3. c4 c6 4. Nc3 e6 5. e3 Bd6 6. Qc2 Nbd7 7. Bd3 O-O 8. O-O
dxc4 9. Bxc4 a6 10. Bd3 e5 11. dxe5 Nxe5 12. Nxe5 Bxe5 13. h3 h6 14. e4 Bc7 15.
Rd1 Qd6 16. f4 Bb6+ 17. Kh2 Qe7 18. g3 Be6 19. b3 Rad8 20. Qe2 Rfe8 21. Bb2 Bc8
22. Bc2 Nd5 23. Nxd5 cxd5 24. e5 d4 25. Bd3 g6 26. Rac1 Be6 27. Re1 Ba5 28. Rf1
Bb6 29. Rce1 Ba5 30. Rd1 Bb6 31. Bc1 f5 32. g4 Rf8 33. gxf5 gxf5 34. Rg1+ Kh7
35. Rg3 Qf7 36. Rdg1 Rg8 37. Ba3 Rxg3 38. Rxg3 Rg8 39. Rxg8 Qxg8 40. Qh5 Qg6
41. Qh4 Qf7 42. Bd6 a5 43. Qg4 Qg6 44. Qf3 Qf7 45. Qg2 Bd5 46. Qc2 Be6 47. Bc5
Bd8 48. Bxd4 Qd7 49. Bf2 b6 50. Bc4 Qc6 51. Qd3 Bc7 52. Bh4 Qd7 53. Qxd7+ Bxd7
54. a4 Kg6 55. Kg3 Bc6 56. Be7 Be8 57. Kf3 Bf7 58. e6 Be8 59. Ke3 Bc6 60. Ba3
Kf6 61. Bb2+ Ke7 62. Bg7 h5 63. Bh6 Bd6 64. Bg5+ Kf8 65. Kd4 h4 66. Bd3 Bf3 67.
Bxf5 Bd1 68. Kc4 Be7 69. Bh6+ Kg8 70. Bd3 Bf3 71. Kb5 Bd5 72. Bc4 Bg2 73. f5
Kh7 74. Bf4 Bxh3 75. Bd3 Kg8 76. Be5 Bc5 77. Bc4 Kf8 78. f6 Bf5 79. Bf4 h3 80.
Bh6+ Ke8 81. f7+ Kd8 82. f8=Q+ Bxf8 83. Bxf8 h2 84. e7+ Ke8 85. Bd5 Be6 86. Bh1
Bxb3 87. Bc6+ 1-0

[Event "EIWCC 2018"]
[Site "Vysoke Tatry"]
[Date "2018.04.09"]
[Round "2"]
[White "Mammadova, Gulnar"]
[Black "Sebag, Marie"]
[Result "1/2-1/2"]
[WhiteElo "2360"]
[BlackElo "2492"]
[PlyCount "99"]
[EventDate "2018.??.??"]
[EventType "swiss"]
[EventCountry "SVK"]
[SourceTitle "playchess.com"]
[Source "ChessBase"]
[SourceQuality "1"]

1. e4 c5 2. Nf3 d6 3. Bb5+ Nd7 4. a4 Ngf6 5. Nc3 a6 6. Bc4 b6 7. O-O Bb7 8. Re1
g6 9. d3 Bg7 10. Bf4 O-O 11. Qd2 Ng4 12. h3 Nge5 13. Nxe5 Nxe5 14. Bh6 e6 15.
Bxg7 Kxg7 16. f4 Nc6 17. Ba2 Nb4 18. Rf1 d5 19. exd5 Nxa2 20. Rxa2 Bxd5 21.
Nxd5 Qxd5 22. Qc3+ Kg8 23. Raa1 Rfd8 24. Rf2 Qd4 25. Qxd4 Rxd4 26. b3 h5 27. h4
Rad8 28. g3 b5 29. axb5 axb5 30. Kg2 Kg7 31. Re2 c4 32. dxc4 bxc4 33. bxc4 Rxc4
34. Kf2 Rdc8 35. Ra2 Rc3 36. Rb2 Kf6 37. Kg2 R8c5 38. Kh3 Kf5 39. Rb7 Kf6 40.
Rb2 R5c4 41. Kg2 Ra3 42. Kh2 Rcc3 43. Rg2 Kf5 44. Rb7 f6 45. Kh3 Rf3 46. Rb5+
e5 47. fxe5 fxe5 48. Kh2 Rac3 49. Rb4 Rc5 50. g4+ 1/2-1/2

[Event "EIWCC 2018"]
[Site "Vysoke Tatry"]
[Date "2018.04.09"]
[Round "2"]
[White "Zpevakova, Jana"]
[Black "Worek, Joanna"]
[Result "0-1"]
[WhiteElo "2106"]
[BlackElo "2295"]
[PlyCount "85"]
[EventDate "2018.??.??"]
[EventType "swiss"]
[EventCountry "SVK"]
[SourceTitle "playchess.com"]
[Source "ChessBase"]
[SourceQuality "1"]

1. d4 Nf6 2. c4 e6 3. Nc3 Bb4 4. Qc2 d5 5. a3 Bxc3+ 6. Qxc3 Ne4 7. Qc2 O-O 8.
Nf3 Nd7 9. g3 c6 10. Bg2 a5 11. b3 b6 12. O-O Ba6 13. Ne5 Nxe5 14. Bxe4 Ng6 15.
cxd5 exd5 16. Bf5 Qf6 17. Bxg6 hxg6 18. Be3 Rfe8 19. Rac1 c5 20. Qd2 cxd4 21.
Bxd4 Qd6 22. Rfe1 Qxa3 23. Bxb6 Qxb3 24. Bxa5 Qb5 25. e3 d4 26. exd4 Bb7 27.
Rc5 Rxe1+ 28. Qxe1 Qd3 29. Qd2 Qb1+ 30. Qe1 Qb3 31. Bc3 Ra2 32. h4 Rc2 33. h5
Qb6 34. Qe8+ Kh7 35. Qe1 Qf6 36. d5 Qf3 37. hxg6+ Kxg6 38. Bb4 Bxd5 39. Rxd5
Qxd5 40. Ba5 Rc8 41. Qb1+ f5 42. Qb6+ Rc6 43. Qd4 0-1

[Event "EIWCC 2018"]
[Site "Vysoke Tatry"]
[Date "2018.04.09"]
[Round "2"]
[White "Hereklioglu, Sude"]
[Black "Osmanodja, Filiz"]
[Result "0-1"]
[WhiteElo "2123"]
[BlackElo "2300"]
[PlyCount "90"]
[EventDate "2018.??.??"]
[EventType "swiss"]
[EventCountry "SVK"]
[SourceTitle "playchess.com"]
[Source "ChessBase"]
[SourceQuality "1"]

1. e4 e5 2. Nf3 Nc6 3. Nc3 Nf6 4. a3 d5 5. Bb5 Nxe4 6. O-O Nxc3 7. dxc3 Bg4 8.
h3 Bxf3 9. Qxf3 a6 10. Bxc6+ bxc6 11. c4 Qd6 12. b4 Be7 13. Bb2 O-O 14. Rad1
Rad8 15. Qe2 Bf6 16. c5 Qe6 17. Qxa6 Ra8 18. Qe2 e4 19. Bxf6 Qxf6 20. f3 Rxa3
21. fxe4 Qe5 22. Rf5 Qe6 23. Re1 Re8 24. Rf4 Qe5 25. Qd2 f6 26. Kf1 Ra1 27.
Rxa1 Qxa1+ 28. Kf2 dxe4 29. Qd7 Qe5 30. Ke2 Re7 31. Qc8+ Kf7 32. Qf5 Qc3 33.
Rxe4 Qxc2+ 34. Ke3 Rxe4+ 35. Qxe4 Qxe4+ 36. Kxe4 Ke6 37. g3 f5+ 38. Kf4 h6 39.
h4 g6 40. Kf3 Ke5 41. Ke3 g5 42. h5 g4 43. Kf2 Kd4 44. Ke2 Ke4 45. Kf2 Ke5 0-1